Statistics for Top Universities of the World by Picture

Click here to take the quiz!

General Stats

  • This quiz has been taken 52 times
  • The average score is 7 of 21

Answer Stats

Answer % Correct
Cambridge
94%
Oxford
84%
Harvard
73%
MIT
53%
ETH Zurich
53%
Toronto
41%
Melbourne
39%
Seoul
35%
Tokyo
33%
National University of Singapore
29%
Kyoto
24%
McGill
20%
Australian National University
16%
Hong Kong
14%
Nanyang Technological University
14%
Tsinghua
14%
Peking University
12%
Caltech
10%
École Normale Supérieure
8%
KAIST
8%
Bristol
6%

Score Distribution

Percentile by Number Answered

Percent of People with Each Score

Your Score History

You have not taken this quiz